Watch what you say (Record no. 66457)

MARC details
000 -LEADER
fixed length control field 01158cam a2200229 4500
001 - CONTROL NUMBER
control field ABS63627
008 - FIXED-LENGTH DATA ELEMENTS--GENERAL INFORMATION
fixed length control field 000000n2001 000 0 eng u
035 ## - SYSTEM CONTROL NUMBER
System control number (Sirsi) u111517
100 ## - MAIN ENTRY--PERSONAL NAME
Personal name Minogue, A.
245 ## - TITLE STATEMENT
Title Watch what you say
260 ## - PUBLICATION, DISTRIBUTION, ETC.
Date of publication, distribution, etc. 2001
490 ## - SERIES STATEMENT
Series statement Building
Volume/sequential designation 266(8172) 9 March 2001, 55(1)
520 ## - SUMMARY, ETC.
Summary, etc. Discusses the implications for project managers of the complex case "J Jarvis & Sums Ltd v Castle Wharf Developments Ltd, Gleeds Management Services Ltd and Franklin Ellis Architects Ltd", which went to CA. This emphasises the need for the employer and his team to take considerable care during post-tender negotiations. For statements that are routinely made could prove to have crossed the line between fair negotiation and negligent mis-statement. The case highlights a whole new area of potential liability.
590 ## - LOCAL NOTE (RLIN)
Local note ABS
650 ## - SUBJECT ADDED ENTRY--TOPICAL TERM
Topical term or geographic name entry element PROJECT MANAGERS
650 ## - SUBJECT ADDED ENTRY--TOPICAL TERM
Topical term or geographic name entry element NEGOTIATIONS
650 ## - SUBJECT ADDED ENTRY--TOPICAL TERM
Topical term or geographic name entry element LIABILITY
650 ## - SUBJECT ADDED ENTRY--TOPICAL TERM
Topical term or geographic name entry element J JARVIS & SUMS LTD V CASTLE WHARF DEVELOPMENTS LTD, GLEEDS MANAGEMENT SERVICES LTD AND FRANKLIN ELLIS ARCHITECTS LTD
650 ## - SUBJECT ADDED ENTRY--TOPICAL TERM
Topical term or geographic name entry element MISSTATEMENTS
690 ## - LOCAL SUBJECT ADDED ENTRY--TOPICAL TERM (OCLC, RLIN)
Topical term or geographic name as entry element BUILT ENVIRONMENT
942 ## - ADDED ENTRY ELEMENTS (KOHA)
Suppress in OPAC 0
Holdings
Withdrawn status Lost status Source of classification or shelving scheme Damaged status Not for loan Home library Current library Shelving location Date acquired Total Checkouts Full call number Barcode Date last seen Copy number Price effective from Koha item type
    Dewey Decimal Classification     London London Journal article 20/03/2001   ABS63627 111517-1001 06/08/2019 1 06/08/2019 Journal article